Journal of clinical movement disorders.

Bibliographic Details
Format: Serial
Language:English
Published: London : BioMed Central, [2014]-
Subjects:
Online Availability: Check for online availability

MARC

Tag First Indicator Second Indicator Subfields
LEADER 00000cas a2200000 i 4500
001 in00003774557
005 20160506164448.0
006 m o d
007 cr |||||||||||
008 141124c20149999enkar oo 0 0eng c
010 |a  2015243308 
035 |a (OCoLC)ocn896822649 
040 |a OH1  |b eng  |e rda  |e pn  |c OH1  |d NLM  |d CUS  |d OCLCF  |d OCLCQ  |d TXA 
016 7 |a 101662043  |2 DNLM 
022 |a 2054-7072  |l 2054-7072 
029 1 |a NZ1  |b 16145841 
029 1 |a NZ1  |b 16178928 
029 1 |a NZ1  |b 16250945 
029 1 |a AU@  |b 000054863031 
035 |a (OCoLC)896822649 
042 |a pcc 
050 4 |a RC376.5  |b .J678 Electronic 
060 0 0 |a W1 
049 |a TXAM 
210 0 |a J. clin. mov disord. 
222 0 |a Journal of clinical movement disorders 
245 0 0 |a Journal of clinical movement disorders. 
264 1 |a London :  |b BioMed Central,  |c [2014]- 
264 4 |c ©2014 
300 |a 1 online resource 
310 |a Annual 
336 |a text  |b txt  |2 rdacontent 
337 |a computer  |b c  |2 rdamedia 
338 |a online resource  |b cr  |2 rdacarrier 
362 1 |a Began with: 1 (2014). 
515 |a Articles added as received to annual volume in progress. 
588 |a Description based on: 1 (2014); title from PDF caption (publisher's Web site, viewed July 14, 2015). 
588 |a Latest issue consulted: 2 (2015) (viewed July 14, 2015). 
650 0 |a Movement disorders  |v Periodicals. 
650 1 2 |a Movement Disorders. 
650 7 |a Movement disorders.  |2 fast  |0 (OCoLC)fst01028493 
655 2 |a Periodicals. 
655 4 |a Electronic journals. 
655 7 |a Periodicals.  |2 fast  |0 (OCoLC)fst01411641 
948 |a cataloged  |b h  |c 2016/5/6  |d c  |e spoltoratski  |f 4:44:40 pm  |g sc 
994 |a C0  |b TXA 
999 f f |s 827175ea-28a4-3b13-9c1c-0924ab660e37  |i 74098399-12c9-3f0f-944d-3a0a45c666bf  |t 0 
952 f f |a Texas A&M University  |b College Station  |c Electronic Resources  |d Available Online  |t 0  |e RC376.5 .J678  |g Electronic  |h Library of Congress classification 
998 f f |a RC376.5 .J678  |t 0  |l Available Online